000 00572nam a2200157Ia 4500
005 20260121165310.0
008 260121s9999 xx 000 0 und d
041 _amar
082 _a930.1
100 _aजोशी, वर्षा
245 _aध्वनितरंगांचे अविष्कार आणि प्राचीन सांस्कृतिक वारसा
250 _a1
260 _bभारतीय विचार साधना पुणे
_c2020
300 _a88
650 _aमराठी साहित्य
_9216392
999 _c369966
_d369966